LDR 00820naa#a2200217#i#450# 001 EN\\bibl\19316 005 20260418183108.6 100 ## _a20260417b2026####ek#y0engy0150####ca 102 ## _aRU 200 1# _aPROBLEMS AND DEFICITS OF THE EXISTING DRIVER TRAINING _eConference article/thesis 210 1# _aVoronezh _cFSBE Institution of Higher Education Voronezh State University of Forestry and Technologies named after G.F. Morozov _d2026 215 ## _a7 с. 608 ## _aConference article/thesis _2local 675 ## _aОбучение и подготовка водителей транспортных средств. 656.052.8 _z 700 #1 _aSpodarev _gR. A. 700 #1 _aSpodarev _gS. R. 700 #1 _aDenisov _gG. A. 700 #1 _aVenevitina _gS. S. 700 #1 _aRodionov _gA. A. 700 #1 _aVnukova _gS. V. 856 4# _abibl.vgltu.ru _u